Game theory and related topics : proceedings of the Seminar on Game Theory and Related Topics, Bonn/Hagen, 26-29 September, 1978 /

Bibliographic Details
Corporate Author: Seminar on Game Theory and Related Topics Bonn and Hagen
Other Authors: Pallaschke, Diethard
Format: Conference Proceeding Book
Language:English
Published: Amsterdam ; New York : North-Holland Pub. Co. ; 1979.
Subjects:

MARC

Tag First Indicator Second Indicator Subfields
LEADER 00000pam a2200000 i 4500
001 in00000097901
005 20150925115226.0
008 790517s1979 ne a b 10110 eng
010 |a  79015339  
020 |a 0444853421 
035 |a (OCoLC)05029273 
035 |9 AAL3096AM 
040 |a DLC  |c DLC  |d TXA  |d UtOrBLW 
049 |a TXAM  |c [1242878] 
050 0 0 |a QA269  |b .S4 1978 
111 2 |a Seminar on Game Theory and Related Topics  |d (1978 :  |c Bonn and Hagen) 
245 1 0 |a Game theory and related topics :  |b proceedings of the Seminar on Game Theory and Related Topics, Bonn/Hagen, 26-29 September, 1978 /  |c managing editors, O. Moeschlin, D. Pallaschke. 
264 1 |a Amsterdam ;  |a New York :  |b North-Holland Pub. Co. ;  |c 1979. 
264 2 |a New York :  |b Sole distributors for the USA and Canada, Elsevier North-Holland, 
300 |a ix, 399 pages :  |b illustrations ;  |c 23 cm. 
336 |a text  |b txt  |2 rdacontent 
337 |a unmediated  |b n  |2 rdamedia 
338 |a volume  |b nc  |2 rdacarrier 
504 |a Includes bibliographies and index. 
600 1 0 |a Moeschlin, Otto. 
650 0 |a Game theory  |v Congresses. 
700 1 |a Pallaschke, Diethard. 
999 |a MARS 
999 f f |s 5513c79b-5e49-32d6-8f63-ebb2f8f89cc6  |i c9eb23c4-3b34-3d8b-8f27-373b9211c123  |t 0 
952 f f |p ric  |a Texas A&M University  |b Rellis Campus  |c Joint Library Facility  |d Remote Storage  |t 0  |e QA269 .S4 1978  |h Library of Congress classification  |i unmediated -- volume  |m A14804496111 
998 f f |a QA269 .S4 1978  |t 0  |l Remote Storage